|
|
|
|
| LEADER |
01360nas a2200301 a 4500 |
| 001 |
c000151942 |
| 003 |
CARM |
| 005 |
20020205155221.0 |
| 008 |
920317c19509999nyuqr p 0uuua0eng d |
| 019 |
1 |
|
|a 8869605
|5 LACONCORD2021
|
| 022 |
|
|
|a 0572-824X
|
| 035 |
|
|
|a (OCoLC)45212892
|5 LACONCORD2021
|
| 040 |
|
|
|a NMQU
|c NMQU
|
| 090 |
|
|
|a QE532.N55
|b .A3
|
| 130 |
0 |
0 |
|a Seismological bulletin (Lamont Geological Observatory)
|
| 245 |
1 |
0 |
|a Seismological bulletin /
|c Lamont Geological Observatory, Columbia University.
|
| 260 |
0 |
1 |
|a Palisades, New York :
|b The Observatory,
|c 1950-
|
| 300 |
|
|
|a v. ;
|c 22 cm.
|
| 362 |
0 |
|
|a 1950-
|
| 490 |
1 |
|
|a Contribution - Lamont Geological Observatory
|
| 650 |
|
0 |
|a Seismology
|x Observations
|x Periodicals.
|
| 710 |
2 |
0 |
|a Lamont Geological Observatory.
|
| 830 |
|
0 |
|a Contribution (Lamont Geological Observatory)
|
| 852 |
8 |
|
|b CARM
|h A2:AI12A0
|i B04587
|p 0205271
|f SE
|
| 866 |
|
0 |
|a 246(1956)-1201(1965) Inc.
|
| 866 |
|
0 |
|a 246(1956)-1201(1965) Inc.
|
| 999 |
f |
f |
|i 90d854b0-e006-5c97-8b53-e77647edee6f
|s ce933545-952a-5239-9b67-8ca168559b91
|
| 952 |
f |
f |
|p Can circulate
|a CAVAL
|b CAVAL
|c CAVAL
|d CARM 1 Store
|e B04587
|f A2:AI12A0
|h Other scheme
|i book
|k 246(1956),253(1956),263(1956),287(1957),296(1957),298(1955),316(1957),333(1958)-334(1958),370(1959),373(1957),380(1958),384(1959),399(1958),400(1959),404(1955),422(1958),435(1960),445(1958),469...
|m 0205271
|